000 00431nam a2200181Ia 4500
001 13844
005 20260306164831.0
008 260306t2000||||xx |||||||||||||| ||spa||
041 _aESP
082 _a005.369
_bR785
100 _aRumbaugh, James
_eAUT
245 0 _aEl lenguaje unificado de modelado. Manual de referencia
260 _c2000
300 _a
_c
650 _aGEN
654 _aCCC
942 _cLIB
_dJUS
_fJUS
_2ddc
_n
999 _c13844
_d13844